Countries With 6+ Syllables - Statistics

General Stats
  • This quiz has been taken 26 times
  • The average score is 8 of 14
Answer Stats
Answer % Correct
Democratic Republic of the Congo
85%
Dominican Republic
75%
Federated States of Micronesia
65%
Republic of the Congo
65%
Saint Vincent and the Grenadines
65%
Antigua and Barbuda
55%
Trinidad and Tobago
55%
São Tomé and Príncipe
50%
Saudi Arabia
50%
United Arab Emirates
50%
Bosnia and Herzegovina
45%
Central African Republic
45%
Equatorial Guinea
45%
North Macedonia
40%
No matching quizzes found
Score Distribution
Percent of People with Each Score
Percentile by Number Answered
Your Score History
You have not taken this quiz